000 00929nam a22002297a 4500
082 _a297.63
_bSEE
_cMasjid Library
100 _aNadiv,Syed Suleman
245 _aسیرتہُ النبی ﷺ
_bسوانح اقدس حضرت سرور عالم محمد الرسول اللہ صلی اللہ علیہ وسلم
260 _aKarachi
_bمحمد سعید اینڈ سنز تاجران کتب
_c1973
300 _avarious pages.:
_b,;
_c20 cm.
500 _a سات جلدوں پر مشتمل
526 _a0
_b0
_c0
_d297_630000000000000_SEE
526 _a0
_b0
_c0
_d297_630000000000000_SEE
526 _a0
_b0
_c0
_d297_630000000000000_SEE
526 _a0
_b0
_c0
_d297_630000000000000_SEE
526 _a0
_b0
_c0
_d297_630000000000000_SEE
526 _a0
_b0
_c0
_d297_630000000000000_SEE
526 _a0
_b0
_c0
_d297_630000000000000_SEE
650 _aMCE
_9379
700 _aNadiv,Syed Suleman, Molana Shebli Numani
_951786
942 _2ddc
_cBK
999 _c554332
_d554332